The impact of contextual factors on the decision to imprison in large urban jurisdictions: A multilevel analysis

Saved in:  
Bibliographic Details
Authors: Weidner, Robert R. (Author) ; Schultz, Jennifer S. (Author) ; Frase, Richard S. 1945- (Author)
Format: Electronic Article
Language:English
Published: 2005
In: Crime & delinquency
Year: 2005, Volume: 51, Issue: 3, Pages: 400-424
Online Access: Volltext (lizenzpflichtig)
Check availability: HBZ Gateway

MARC

LEADER 00000caa a22000002c 4500
001 1912582198
003 DE-627
005 20250124054957.0
007 cr uuu---uuuuu
008 241217s2005 xx |||||o 00| ||eng c
024 7 |a 10.1177/0011128704271467  |2 doi 
035 |a (DE-627)1912582198 
035 |a (DE-599)KXP1912582198 
040 |a DE-627  |b ger  |c DE-627  |e rda 
041 |a eng 
084 |a 2,1  |2 ssgn 
100 1 |a Weidner, Robert R.  |e VerfasserIn  |4 aut 
245 1 4 |a The impact of contextual factors on the decision to imprison in large urban jurisdictions: A multilevel analysis 
264 1 |c 2005 
336 |a Text  |b txt  |2 rdacontent 
337 |a Computermedien  |b c  |2 rdamedia 
338 |a Online-Ressource  |b cr  |2 rdacarrier 
700 1 |a Schultz, Jennifer S.  |e VerfasserIn  |4 aut 
700 1 |a Frase, Richard S.  |d 1945-  |e VerfasserIn  |0 (DE-588)1080008314  |0 (DE-627)843544929  |0 (DE-576)453268056  |4 aut 
773 0 8 |i Enthalten in  |t Crime & delinquency  |d Thousand Oaks, Calif. [u.a.] : Sage Publications, 1960  |g 51(2005), 3, Seite 400-424  |h Online-Ressource  |w (DE-627)306655128  |w (DE-600)1499997-3  |w (DE-576)081985045  |x 1552-387X  |7 nnas 
773 1 8 |g volume:51  |g year:2005  |g number:3  |g pages:400-424 
787 0 8 |i Forschungsdaten  |a United States Department of Justice. Office of Justice Programs. Bureau of Justice Statistics  |t State Court Processing Statistics, 1990-2009: Felony Defendants in Large Urban Counties  |d [Erscheinungsort nicht ermittelbar] : [Verlag nicht ermittelbar], 1998  |w (DE-627)1840046937 
856 4 0 |u https://doi.org/10.1177/0011128704271467  |x Resolving-System  |z lizenzpflichtig  |3 Volltext  |7 1 
935 |a mkri 
951 |a AR 
ELC |a 1 
LOK |0 000 xxxxxcx a22 zn 4500 
LOK |0 001 4637547695 
LOK |0 003 DE-627 
LOK |0 004 1912582198 
LOK |0 005 20241217044549 
LOK |0 008 241217||||||||||||||||ger||||||| 
LOK |0 035   |a (DE-2619)ICPSR105946 
LOK |0 040   |a DE-2619  |c DE-627  |d DE-2619 
LOK |0 092   |o n 
LOK |0 852   |a DE-2619 
LOK |0 852 1  |9 00 
LOK |0 935   |a nacp 
LOK |0 939   |a 17-12-24  |b l01 
ORI |a SA-MARC-krimdoka001.raw